<?xml version="1.0" encoding="UTF-8"?>
<record
    xmlns:xsi="http://www.w3.org/2001/XMLSchema-instance"
    xsi:schemaLocation="http://www.loc.gov/MARC21/slim http://www.loc.gov/standards/marcxml/schema/MARC21slim.xsd"
    xmlns="http://www.loc.gov/MARC21/slim">

  <leader>00892nam a22002657a 4500</leader>
  <controlfield tag="005">20170124110242.0</controlfield>
  <datafield tag="010" ind1=" " ind2=" ">
    <subfield code="a">A-943446</subfield>
  </datafield>
  <datafield tag="020" ind1=" " ind2=" ">
    <subfield code="c">3000.00</subfield>
    <subfield code="a">8185026378</subfield>
  </datafield>
  <datafield tag="035" ind1=" " ind2=" ">
    <subfield code="a">A-943446</subfield>
  </datafield>
  <datafield tag="037" ind1=" " ind2=" ">
    <subfield code="b">Cen Lib/Ret</subfield>
  </datafield>
  <datafield tag="040" ind1=" " ind2=" ">
    <subfield code="a">DPL</subfield>
    <subfield code="b">EN</subfield>
  </datafield>
  <datafield tag="082" ind1=" " ind2=" ">
    <subfield code="a">954.41</subfield>
    <subfield code="b">BOM</subfield>
  </datafield>
  <datafield tag="245" ind1=" " ind2=" ">
    <subfield code="a">Bombay to Mumbai : </subfield>
    <subfield code="c">edited by Pauline Rohatgi,  Pheroza Godrej [and] Rahul Mehrotra</subfield>
    <subfield code="b">changing perspectives /</subfield>
  </datafield>
  <datafield tag="246" ind1=" " ind2=" ">
    <subfield code="b"> </subfield>
  </datafield>
  <datafield tag="260" ind1=" " ind2=" ">
    <subfield code="a">New Delhi </subfield>
    <subfield code="b">Marg Publications </subfield>
    <subfield code="c">1997</subfield>
  </datafield>
  <datafield tag="270" ind1=" " ind2=" ">
    <subfield code="b">New Delhi</subfield>
    <subfield code="a">148, Mhatama gandhi road </subfield>
    <subfield code="e">400001</subfield>
  </datafield>
  <datafield tag="300" ind1=" " ind2=" ">
    <subfield code="a">324p. :</subfield>
    <subfield code="c">33cm(Hb)</subfield>
    <subfield code="b">ill.</subfield>
    <subfield code="e">maps</subfield>
  </datafield>
  <datafield tag="500" ind1=" " ind2=" ">
    <subfield code="a">Includes bibliographical references and index </subfield>
  </datafield>
  <datafield tag="650" ind1=" " ind2=" ">
    <subfield code="a">Mumbai (India)</subfield>
    <subfield code="9">95610</subfield>
  </datafield>
  <datafield tag="650" ind1=" " ind2=" ">
    <subfield code="a">Mumbai (India) -- Pictorial works.</subfield>
    <subfield code="9">95611</subfield>
  </datafield>
  <datafield tag="700" ind1=" " ind2=" ">
    <subfield code="a">Rohatgi, Pauline </subfield>
    <subfield code="9">95612</subfield>
  </datafield>
  <datafield tag="700" ind1=" " ind2=" ">
    <subfield code="a">Godrej, Pheroza</subfield>
    <subfield code="9">95613</subfield>
  </datafield>
  <datafield tag="700" ind1=" " ind2=" ">
    <subfield code="a">Mehrotra, Rahul</subfield>
    <subfield code="9">95614</subfield>
  </datafield>
  <datafield tag="942" ind1=" " ind2=" ">
    <subfield code="2">ddc</subfield>
    <subfield code="c">EN</subfield>
    <subfield code="h">954.41</subfield>
    <subfield code="m">BOM</subfield>
  </datafield>
  <datafield tag="999" ind1=" " ind2=" ">
    <subfield code="c">135253</subfield>
    <subfield code="d">135253</subfield>
  </datafield>
  <datafield tag="952" ind1=" " ind2=" ">
    <subfield code="0">0</subfield>
    <subfield code="1">0</subfield>
    <subfield code="4">0</subfield>
    <subfield code="7">1</subfield>
    <subfield code="8">REF</subfield>
    <subfield code="a">L</subfield>
    <subfield code="b">L</subfield>
    <subfield code="d">2015-10-03</subfield>
    <subfield code="e">Cen Lib/Ret</subfield>
    <subfield code="g">3000.00</subfield>
    <subfield code="l">0</subfield>
    <subfield code="o">954.41 BOM</subfield>
    <subfield code="p">A-943446</subfield>
    <subfield code="r">2015-10-03 00:00:00</subfield>
    <subfield code="t">1</subfield>
    <subfield code="v">3000.00</subfield>
    <subfield code="w">2015-10-03</subfield>
    <subfield code="y">EN</subfield>
  </datafield>
</record>
